| 000 | 00629nam a2200205Ia 4500 | ||
|---|---|---|---|
| 003 | IN-BaIIA | ||
| 008 | 211028s9999 xx 000 0 eng d | ||
| 040 | _cIIA Library | ||
| 080 |
_a514.76 _bBIS |
||
| 100 |
_aBishop, R. L. _95126 |
||
| 245 | 0 |
_aGeometry of manifolds _cR. L. Bishop and R. J. Crittenden |
|
| 260 |
_aNew York _bAcademic Press _c1964 |
||
| 300 | _aix, 273p. | ||
| 490 | _aPure and applied mathematics; v.15 | ||
| 650 |
_aGeometry _91677 |
||
| 650 |
_aManifolds Mathematics _95127 |
||
| 650 | _aNASA Thesaurus | ||
| 700 |
_aCrittenden, R. J. _95128 |
||
| 942 | _cBK | ||
| 999 |
_c2870 _d2870 |
||